000 00503nam a2200169Ia 4500
008 090201s9999 xx 000 0 und d
010 _aKPL-55241
040 _bमराठी
041 _aमराठी
082 _a39909
_b55241
100 _aगोविंद तळवलकर
245 _aबहर
_cगोविंद तळवलकर
260 _c2004
_bमॅजेस्टिक प्रकाशन
300 _a178
_bमोठा
600 _aबहर
942 _cBOOK
999 _c237193
_d237193